[Event "13sen.WMD 2003 Seniorinnen"]
[Site "Bad Zwischenahn(17.11.-27.11)"]
[Date "2003.11.19"]
[Round "3.6"]
[White "Richter, Hildegard"]
[Black "Strelnikova, Elena"]
[Result "0-1"]
[WhiteElo "1713"]
[BlackElo "2153"]
[PlyCount "130"]
[EventDate "2003.11.??"]

1. d4 e6 2. e4 d5 3. e5 c5 4. Bb5+ Bd7 5. Bxd7+ Nxd7 6. c3 Qb6 7. Nf3 Ne7 8.
O-O Nc6 9. Na3 cxd4 10. cxd4 Be7 11. Nc2 O-O 12. a3 a5 13. Rb1 a4 14. Qd3 h6
15. Bd2 Na5 16. Bb4 Bxb4 17. Nxb4 Nb3 18. Rfd1 Rfc8 19. Nd2 Nxd4 20. Nf1 Nb3
21. Qg3 Qc7 22. f4 Ndc5 23. Qe3 Ne4 24. h3 Qc4 25. Kh2 Qc7 26. Ng3 Nxg3 27.
Qxg3 Qe7 28. Rd3 Rc4 29. f5 Qg5 30. Qxg5 hxg5 31. fxe6 fxe6 32. Rg3 Nd2 33. Re1
Ne4 34. Rg4 Rf8 35. Re3 Rf5 36. b3 axb3 37. Rxb3 Rc3 38. Rxc3 Nxc3 39. Nd3 Ne4
40. Kg1 b5 41. Kh2 Rf1 42. h4 Rd1 43. Nb4 gxh4 44. Rxh4 Ra1 45. Rh3 Nf2 46. Rb3
Ng4+ 47. Kg3 Nxe5 48. Nc2 Rd1 49. Rxb5 Nc4 50. a4 Rc1 51. Nd4 Rc3+ 52. Kh4 Nd6
53. Rb8+ Kf7 54. g4 Rc4 55. Nb5 Nxb5 56. axb5 d4 57. Kg5 Rc5+ 58. Kf4 Rd5 59.
b6 Rb5 60. Ke4 e5 61. b7 Kg6 62. Re8 Rxb7 63. Rxe5 Rd7 64. Kd3 Kf6 65. Rf5+ Ke6
0-1

[Event "13sen.WMD 2003 Seniorinnen"]
[Site "Bad Zwischenahn(17.11.-27.11)"]
[Date "2003.11.19"]
[Round "3.7"]
[White "Abolina, Arija-Solvei"]
[Black "Gumilevskaja, Galina"]
[Result "0-1"]
[WhiteElo "1793"]
[BlackElo "2083"]
[PlyCount "60"]
[EventDate "2003.11.??"]

1. Nf3 c5 2. c4 Nc6 3. Nc3 e5 4. e4 g6 5. g3 Bg7 6. Bg2 d6 7. h3 Nge7 8. O-O
O-O 9. d3 h6 10. Be3 Be6 11. Qd2 Kh7 12. Kh2 f5 13. Ng1 f4 14. gxf4 exf4 15.
Bxf4 Rxf4 16. Qxf4 Be5 17. Qxe5 dxe5 18. Rad1 g5 19. a3 Ng6 20. Nge2 Qd7 21.
Nd5 Rf8 22. b4 b6 23. bxc5 bxc5 24. Rb1 Nh4 25. Ng1 Nd4 26. Rb2 Ndf3+ 27. Nxf3
Nxf3+ 28. Bxf3 Rxf3 29. Rfb1 Bxd5 30. cxd5 Rxh3+ 0-1

[Event "13sen.WMD 2003 Seniorinnen"]
[Site "Bad Zwischenahn(17.11.-27.11)"]
[Date "2003.11.19"]
[Round "3.8"]
[White "Lein, Marina"]
[Black "Kohls, Vera"]
[Result "1/2-1/2"]
[WhiteElo "1970"]
[BlackElo "1720"]
[PlyCount "54"]
[EventDate "2003.11.??"]

1. c4 b6 2. Nf3 Bb7 3. e3 e6 4. Be2 Nf6 5. O-O g6 6. d4 Ne4 7. Nbd2 Nxd2 8.
Bxd2 Bg7 9. Bc3 O-O 10. d5 d6 11. Bxg7 Kxg7 12. dxe6 fxe6 13. Nd4 Qe8 14. Bg4
Rf6 15. f4 Be4 16. Bf3 Bxf3 17. Qxf3 Na6 18. Qb7 Qc8 19. Qc6 Nb4 20. Qb5 c5 21.
Qa4 cxd4 22. Qxb4 Qc5 23. Qxc5 dxc5 24. exd4 cxd4 25. Rad1 Rd8 26. g3 Kf7 27.
Rf2 e5 1/2-1/2

[Event "13sen.WMD 2003 Seniorinnen"]
[Site "Bad Zwischenahn(17.11.-27.11)"]
[Date "2003.11.19"]
[Round "3.9"]
[White "Karner, Irmgard"]
[Black "Hoose, Hannelore"]
[Result "1/2-1/2"]
[WhiteElo "1640"]
[BlackElo "1671"]
[PlyCount "43"]
[EventDate "2003.11.??"]

1. d4 Nf6 2. Nf3 e6 3. g3 c5 4. e3 Nc6 5. Bg2 Qb6 6. c3 cxd4 7. exd4 d5 8. O-O
Be7 9. Nbd2 O-O 10. Re1 h6 11. Qb3 Bd8 12. Ne5 Bc7 13. Ndf3 Rd8 14. Qc2 Nd7 15.
Ng4 Ne7 16. Nfe5 Nf8 17. h3 Neg6 18. Nxg6 Nxg6 19. Be3 Qd6 20. f4 f5 21. Ne5
Nxe5 22. dxe5 1/2-1/2

[Event "13sen.WMD 2003 Seniorinnen"]
[Site "Bad Zwischenahn(17.11.-27.11)"]
[Date "2003.11.19"]
[Round "3.10"]
[White "Schoerghuber, Barbara"]
[Black "Hartlaub, Marianne"]
[Result "0-1"]
[WhiteElo "1457"]
[BlackElo "1536"]
[PlyCount "81"]
[EventDate "2003.11.??"]

1. d4 d6 2. e3 Nf6 3. Bd3 a6 4. c4 e5 5. Nc3 c6 6. Bd2 Be7 7. d5 cxd5 8. cxd5
b5 9. e4 O-O 10. Nf3 Bg4 11. h3 Bxf3 12. Qxf3 Nbd7 13. Be3 Rc8 14. O-O Nc5 15.
Bxc5 Rxc5 16. Qd1 Nd7 17. Kh1 Qb6 18. Ne2 Rfc8 19. f4 exf4 20. Nxf4 Ne5 21. Be2
g6 22. Nd3 Nxd3 23. Bxd3 Bf8 24. Qf3 R5c7 25. h4 Bg7 26. Rab1 Qd4 27. Qe2 Rf8
28. Rfd1 Re7 29. Qc2 Qe5 30. Qf2 Bf6 31. g3 Rc7 32. Rf1 Bg7 33. Qf3 h5 34. Kg2
Bh6 35. Rf2 Qd4 36. Rc2 Rfc8 37. Rxc7 Rxc7 38. Rf1 Rc8 39. a3 Bg7 40. Rd1 Qa7
41. Rf1 0-1

[Event "13sen.WMD 2003 Seniorinnen"]
[Site "Bad Zwischenahn(17.11.-27.11)"]
[Date "2003.11.19"]
[Round "3.11"]
[White "Brockmeyer, Helga"]
[Black "Froeling, Philippa"]
[Result "1/2-1/2"]
[WhiteElo "1168"]
[BlackElo "1316"]
[PlyCount "111"]
[EventDate "2003.11.??"]

1. d4 d5 2. e3 Nf6 3. Bd3 g6 4. Nf3 Bg7 5. O-O O-O 6. c4 c6 7. Bd2 Nbd7 8. Na3
Re8 9. Qc2 e5 10. Nxe5 Nxe5 11. dxe5 Rxe5 12. f4 Re8 13. Rf2 Ne4 14. Bxe4 Rxe4
15. Raf1 Bf5 16. Qb3 Qb6 17. Qxb6 axb6 18. cxd5 Bxb2 19. Nc2 cxd5 20. Nb4 d4
21. Be1 Bc1 22. Nd5 Kg7 23. exd4 Be3 24. Nxe3 Rxe3 25. Kh1 Rd8 26. Rd2 Rd3 27.
Rb2 R8xd4 28. Rxb6 Be4 29. Kg1 Ra4 30. Rb2 Rda3 31. Rb4 Rxb4 32. Bxb4 Rxa2 33.
Bc3+ Kh6 34. Rf2 Rxf2 35. Kxf2 g5 36. fxg5+ Kxg5 37. Bd2+ Kf5 38. g3 Ke5 39.
Bc3+ Kd5 40. Ke3 b5 41. Kf4 Kc4 42. Bf6 Bg6 43. Ke3 b4 44. Kd2 Kb3 45. Kc1 Kc4
46. Kb2 b3 47. Bg7 Bc2 48. Bf6 Kd5 49. Bg5 f5 50. Bf4 Ke4 51. Bd6 Kd5 52. Bf4
Ke4 53. Bg5 Kf3 54. Bf4 Ke4 55. Kc3 Kf3 56. Be5 1/2-1/2

[Event "13sen.WMD 2003 Seniorinnen"]
[Site "Bad Zwischenahn(17.11.-27.11)"]
[Date "2003.11.20"]
[Round "4.1"]
[White "Khmiadashvili, Tamari"]
[Black "Fatalibekova, Elena"]
[Result "0-1"]
[WhiteElo "2357"]
[BlackElo "2291"]
[PlyCount "56"]
[EventDate "2003.11.??"]

1. e4 c5 2. Nc3 Nc6 3. f4 g6 4. Nf3 Bg7 5. Bb5 Nd4 6. a4 a6 7. Bc4 e6 8. e5 d5
9. exd6 Qxd6 10. d3 Ne7 11. Ne4 Qc7 12. c3 Ndf5 13. g4 Nd6 14. Nxd6+ Qxd6 15.
Qe2 O-O 16. a5 Nc6 17. Be3 e5 18. f5 gxf5 19. gxf5 Bxf5 20. Qf2 Ne7 21. Bxc5
Qd7 22. Rg1 Bg6 23. Nh4 e4 24. Nxg6 hxg6 25. O-O-O Nd5 26. Bxd5 Qxd5 27. Bxf8
Rxf8 28. dxe4 Qxe4 0-1

[Event "13sen.WMD 2003 Seniorinnen"]
[Site "Bad Zwischenahn(17.11.-27.11)"]
[Date "2003.11.20"]
[Round "4.2"]
[White "Saunina, Ludmilla"]
[Black "Erenska-Barlo, Hanna"]
[Result "1/2-1/2"]
[WhiteElo "2278"]
[BlackElo "2247"]
[PlyCount "117"]
[EventDate "2003.11.??"]

1. e4 d5 2. exd5 Nf6 3. d4 Nxd5 4. Nf3 g6 5. Be2 Bg7 6. O-O O-O 7. Re1 c6 8. c3
Qc7 9. Na3 Nd7 10. Nc4 b5 11. Nce5 f6 12. Nd3 Bb7 13. Bd2 a6 14. a4 Kh8 15. b4
Rae8 16. Bf1 Bc8 17. a5 e5 18. dxe5 fxe5 19. Ng5 c5 20. bxc5 Nxc5 21. Nxc5 Qxc5
22. Ne4 Qc6 23. c4 bxc4 24. Rc1 c3 25. Bxc3 Nxc3 26. Rxc3 Qe6 27. Rc7 Rd8 28.
Qc2 Qd5 29. Qc5 Qxc5 30. Nxc5 Rd2 31. f3 Ra2 32. Bxa6 Bxa6 33. Nxa6 Rxa5 34.
Nc5 Bf6 35. Nd7 Bd8 36. Rb7 Ra6 37. Reb1 Kg8 38. Nc5 Rd6 39. Nd7 Re8 40. Nc5
Bg5 41. Ne4 Be3+ 42. Kf1 Rc6 43. Rd7 Bb6 44. g4 Rf8 45. Rb3 Rc1+ 46. Ke2 Rc2+
47. Kd1 Rc7 48. Rxc7 Bxc7 49. g5 Bd8 50. Ke2 h6 51. gxh6 Kh7 52. Nf2 Kxh6 53.
Ng4+ Kg5 54. Nxe5 Bc7 55. Re3 Kf5 56. Ng4 Rh8 57. Re7 Bxh2 58. Rf7+ Kg5 59. Kf2
1/2-1/2

[Event "13sen.WMD 2003 Seniorinnen"]
[Site "Bad Zwischenahn(17.11.-27.11)"]
[Date "2003.11.20"]
[Round "4.3"]
[White "Litinskaya, Marta_I"]
[Black "Komycheva, Margarita"]
[Result "1-0"]
[WhiteElo "2410"]
[BlackElo "2208"]
[PlyCount "103"]
[EventDate "2003.11.??"]

1. c4 c5 2. g3 Nf6 3. Bg2 d5 4. cxd5 Nxd5 5. Nc3 Nc7 6. Qa4+ Qd7 7. d3 Qxa4 8.
Nxa4 e5 9. Be3 Nba6 10. Rc1 Ne6 11. Nf3 f6 12. Nd2 Rb8 13. b4 b6 14. bxc5 Naxc5
15. Nc3 Bb7 16. O-O Bxg2 17. Kxg2 Be7 18. f4 exf4 19. gxf4 Rd8 20. f5 Nc7 21.
Bg1 Kf7 22. Nc4 Rd7 23. d4 N5a6 24. e4 g6 25. fxg6+ Kxg6 26. e5 Rf8 27. Rf3 Kg7
28. Rcf1 fxe5 29. Rg3+ Kh8 30. Nxe5 Rxf1 31. Kxf1 Bh4 32. Nxd7 Bxg3 33. hxg3
Nb4 34. Ne5 Kg7 35. Ke2 Kf6 36. Be3 h5 37. Kf3 Kf5 38. a3 Nbd5 39. Nxd5 Nxd5
40. Bd2 a5 41. Nd3 Nc7 42. a4 Ne6 43. d5 Nd4+ 44. Ke3 Nc2+ 45. Kf2 Na3 46. Kf3
b5 47. d6 Ke6 48. axb5 Nxb5 49. Bf4 a4 50. Ke4 a3 51. Nc5+ Kf7 52. Nb3 1-0

[Event "13sen.WMD 2003 Seniorinnen"]
[Site "Bad Zwischenahn(17.11.-27.11)"]
[Date "2003.11.20"]
[Round "4.4"]
[White "Strelnikova, Elena"]
[Black "Gumilevskaja, Galina"]
[Result "1/2-1/2"]
[WhiteElo "2153"]
[BlackElo "2083"]
[PlyCount "90"]
[EventDate "2003.11.??"]

1. e4 c5 2. Nc3 Nc6 3. g3 g6 4. Bg2 Bg7 5. d3 e6 6. Nge2 Nge7 7. O-O O-O 8. Be3
b6 9. Qd2 d5 10. Bh6 d4 11. Bxg7 Kxg7 12. Nd1 e5 13. f4 f6 14. Nf2 Rb8 15. Bh3
b5 16. Kg2 Qd6 17. Ng4 Bxg4 18. Bxg4 a5 19. h4 h6 20. Rf2 exf4 21. Nxf4 f5 22.
exf5 Nxf5 23. Bxf5 Rxf5 24. Re1 Re5 25. Rxe5 Nxe5 26. Qxa5 Qc6+ 27. Kg1 Kg8 28.
Qe1 Re8 29. Qe4 Qxe4 30. dxe4 Kg7 31. Nd5 Nc4 32. b3 Nd6 33. Re2 Rxe4 34. Rxe4
Nxe4 35. Kg2 b4 36. Kf3 Nd6 37. Nf4 Kf6 38. Nd3 Nb7 39. g4 g5 40. h5 Ke6 41.
Nf2 Nd6 42. Ne4 Kd5 43. Nf6+ Ke5 44. Ng8 Nf7 45. Ne7 Nd6 1/2-1/2

[Event "13sen.WMD 2003 Seniorinnen"]
[Site "Bad Zwischenahn(17.11.-27.11)"]
[Date "2003.11.20"]
[Round "4.5"]
[White "Macek, Vlasta"]
[Black "Kohls, Vera"]
[Result "1-0"]
[WhiteElo "2211"]
[BlackElo "1720"]
[PlyCount "61"]
[EventDate "2003.11.??"]

1. d4 e6 2. g3 g6 3. Bg2 Bg7 4. Nf3 Nf6 5. O-O O-O 6. c4 d5 7. Qc2 c6 8. Nbd2
Qc7 9. b3 Na6 10. Bb2 b5 11. Rfc1 Ne8 12. Ba3 b4 13. Bb2 Bb7 14. e4 Qe7 15. Re1
Nd6 16. exd5 cxd5 17. c5 Rfc8 18. Nf1 Ne4 19. Rac1 Bc6 20. Ne3 f5 21. Nd2 Qc7
22. Nxe4 fxe4 23. Qd2 e5 24. Ng4 exd4 25. Bxd4 Bd7 26. Bxg7 Bxg4 27. Ba1 Qf7
28. Qd4 Kf8 29. c6 Rc7 30. f3 exf3 31. Rf1 1-0

[Event "13sen.WMD 2003 Seniorinnen"]
[Site "Bad Zwischenahn(17.11.-27.11)"]
[Date "2003.11.20"]
[Round "4.6"]
[White "Hartlaub, Marianne"]
[Black "Beliaeva, Natalia"]
[Result "0-1"]
[WhiteElo "1536"]
[BlackElo "2097"]
[PlyCount "65"]
[EventDate "2003.11.??"]

1. Nf3 Nf6 2. c4 c6 3. Nc3 d5 4. cxd5 cxd5 5. d4 Nc6 6. g3 Bf5 7. Bg2 e6 8. O-O
Be7 9. a3 O-O 10. b4 Rc8 11. Bb2 Ne4 12. Rc1 Nd6 13. b5 Na5 14. Ne5 f6 15. Nd3
Ndc4 16. e4 dxe4 17. Nxe4 Nxb2 18. Nxb2 Rxc1 19. Qxc1 Qxd4 20. Rd1 Qe5 21. f4
Qxb5 22. Nd6 Qb6+ 23. Kh1 Bxd6 24. Nd3 Rd8 25. Nb4 Bxb4 26. Rxd8+ Qxd8 27. axb4
Nb3 28. Qe1 b6 29. h3 Qd2 30. Qxd2 Nxd2 31. Kg1 Be4 32. Bf1 Nxf1 33. Kxf1 0-1

[Event "13sen.WMD 2003 Seniorinnen"]
[Site "Bad Zwischenahn(17.11.-27.11)"]
[Date "2003.11.20"]
[Round "4.8"]
[White "Karner, Irmgard"]
[Black "Richter, Hildegard"]
[Result "0-1"]
[WhiteElo "1640"]
[BlackElo "1713"]
[PlyCount "54"]
[EventDate "2003.11.??"]

1. d4 Nf6 2. Nf3 e6 3. Nbd2 d5 4. e3 Bd6 5. Bd3 O-O 6. O-O Nbd7 7. c4 c6 8. Qc2
h6 9. b3 e5 10. dxe5 Nxe5 11. Bb2 Nxd3 12. Qxd3 dxc4 13. Qxc4 Be6 14. Qh4 Be7
15. Qd4 Qc7 16. Qd3 Rfd8 17. Qe2 Bg4 18. h3 Bh5 19. Rfd1 Rd7 20. Nc4 Rad8 21.
Be5 Qc8 22. g4 Rxd1+ 23. Rxd1 Rxd1+ 24. Qxd1 Nxg4 25. hxg4 Qxg4+ 26. Bg3 Qxf3
27. Qd7 Qd1+ 0-1

[Event "13sen.WMD 2003 Seniorinnen"]
[Site "Bad Zwischenahn(17.11.-27.11)"]
[Date "2003.11.20"]
[Round "4.9"]
[White "Abolina, Arija-Solvei"]
[Black "Korneeva, Tamara"]
[Result "1-0"]
[WhiteElo "1793"]
[BlackElo "1879"]
[PlyCount "89"]
[EventDate "2003.11.??"]

1. c4 c5 2. Nc3 e6 3. e4 Nc6 4. g3 a6 5. Bg2 Rb8 6. a3 b5 7. d3 Nd4 8. Nge2 Bd6
9. Nxd4 cxd4 10. Ne2 Qb6 11. b4 Be5 12. f4 Bf6 13. e5 Bd8 14. c5 Qa7 15. Nxd4
Ne7 16. Be3 a5 17. Kf2 O-O 18. Qe2 Qa6 19. Rhc1 Bb7 20. Bxb7 Qxb7 21. Qf3 Nd5
22. Bd2 a4 23. Nc2 f6 24. d4 Bc7 25. Ne3 fxe5 26. Nxd5 exd5 27. dxe5 Bxe5 28.
Bc3 d6 29. cxd6 Bxc3 30. Rxc3 Qb6+ 31. Rc5 Qxd6 32. Qxd5+ Qxd5 33. Rxd5 Rf6 34.
Rc1 h6 35. Rcc5 Rfb6 36. Kf3 Kh7 37. f5 R8b7 38. Ke4 Re7+ 39. Re5 Reb7 40. Re6
Rxe6+ 41. fxe6 Kg6 42. Ke5 Rb6 43. Rd5 Rb8 44. e7 Kf7 45. Rd8 1-0

[Event "13sen.WMD 2003 Seniorinnen"]
[Site "Bad Zwischenahn(17.11.-27.11)"]
[Date "2003.11.20"]
[Round "4.10"]
[White "Froeling, Philippa"]
[Black "Hoose, Hannelore"]
[Result "0-1"]
[WhiteElo "1316"]
[BlackElo "1671"]
[PlyCount "108"]
[EventDate "2003.11.??"]

1. Nf3 d5 2. d4 e6 3. g3 c5 4. c3 Qb6 5. Bg2 Nc6 6. e3 Nf6 7. O-O Bd6 8. Nbd2
O-O 9. Re1 Bd7 10. e4 dxe4 11. Nxe4 Nxe4 12. Rxe4 Rad8 13. d5 exd5 14. Qxd5 Ne7
15. Qb3 Be6 16. Qxb6 axb6 17. Re2 Ng6 18. Bd2 Bc7 19. Rae1 h6 20. c4 Ra8 21. a3
Rad8 22. b4 Bd7 23. Bc3 Be6 24. Nd2 Rb8 25. Bd5 Bxd5 26. cxd5 Rbd8 27. Nf3 Rxd5
28. Ne5 Bxe5 29. Bxe5 cxb4 30. axb4 b5 31. Bc7 Rd7 32. Bb6 f6 33. Bc5 Rc8 34.
Re8+ Rxe8 35. Rxe8+ Kf7 36. Ra8 Ne5 37. Ra5 Nd3 38. Rxb5 Nxc5 39. Rxc5 Ke6 40.
b5 Kd6 41. Rc4 Rc7 42. Rb4 Kc5 43. Rb2 Kb6 44. Kf1 Rc5 45. Ke2 Rxb5 46. Rxb5+
Kxb5 47. Kd3 Kc5 48. Kc3 g6 49. f4 h5 50. h3 Kd5 51. Kd3 b5 52. Kc3 Ke4 53. Kb4
Kf3 54. Kxb5 Kxg3 0-1

[Event "13sen.WMD 2003 Seniorinnen"]
[Site "Bad Zwischenahn(17.11.-27.11)"]
[Date "2003.11.20"]
[Round "4.11"]
[White "Schoerghuber, Barbara"]
[Black "Brockmeyer, Helga"]
[Result "1-0"]
[WhiteElo "1457"]
[BlackElo "1168"]
[PlyCount "75"]
[EventDate "2003.11.??"]

1. d4 d5 2. e3 e6 3. Bd3 Nf6 4. Nd2 Bd6 5. f4 Nbd7 6. Ngf3 b6 7. Ne5 Bb7 8. Qf3
O-O 9. O-O c5 10. c3 Qc7 11. g4 cxd4 12. exd4 a6 13. g5 Ne4 14. Bxe4 dxe4 15.
Nxe4 Bxe4 16. Qxe4 f5 17. Qe2 Nxe5 18. fxe5 Be7 19. Bf4 Qd8 20. h4 Qe8 21. Rfd1
g6 22. Rac1 b5 23. b3 Kg7 24. Rd3 Qf7 25. Rcd1 Rh8 26. Rh3 Rac8 27. Rdd3 Rcd8
28. h5 a5 29. h6+ Kg8 30. Rd1 Rb8 31. Rhd3 Rd8 32. Qf3 Rd5 33. Kg2 Ba3 34. c4
Rd8 35. d5 Qb7 36. dxe6 Qxf3+ 37. Kxf3 Be7 38. Rxd8+ 1-0

[Event "13sen.WMD 2003 Seniorinnen"]
[Site "Bad Zwischenahn(17.11.-27.11)"]
[Date "2003.11.21"]
[Round "5.1"]
[White "Khmiadashvili, Tamari"]
[Black "Saunina, Ludmilla"]
[Result "1-0"]
[WhiteElo "2357"]
[BlackElo "2278"]
[PlyCount "129"]
[EventDate "2003.11.??"]

1. d4 Nf6 2. Nf3 e6 3. g3 b5 4. Bg2 Bb7 5. O-O c5 6. e3 Be7 7. b3 cxd4 8. exd4
b4 9. c4 bxc3 10. Nxc3 O-O 11. Bb2 d6 12. Re1 Nbd7 13. Nh4 Bxg2 14. Nxg2 d5 15.
Nf4 Rc8 16. Nd3 Re8 17. Na4 Ne4 18. f3 Nd6 19. Qe2 Nf5 20. g4 Nh4 21. f4 Bf8
22. Kh1 Ng6 23. Bc1 Qc7 24. Be3 Qc2 25. Nac5 Qxe2 26. Rxe2 Nxc5 27. dxc5 e5 28.
f5 e4 29. Nb4 Ne5 30. Nxd5 Bxc5 31. Rc1 Bd6 32. Rxc8 Rxc8 33. Bxa7 Nxg4 34. h3
Ne5 35. f6 Rc1+ 36. Kg2 Kf8 37. Be3 Ra1 38. Bf4 gxf6 39. Nxf6 Ke7 40. Nxe4 f6
41. Nxd6 Kxd6 42. Rd2+ Kc5 43. Bxe5 fxe5 44. Kf3 Rh1 45. Ke4 Re1+ 46. Kf5 e4
47. Kf4 e3 48. Rd3 e2 49. Kf3 Ra1 50. Kxe2 Rxa2+ 51. Kf3 Rb2 52. Kg4 Re2 53.
Kh5 Kb4 54. h4 Rh2 55. Kg5 Rh1 56. h5 Rh2 57. Kh6 Rh1 58. Rg3 Rh2 59. Rg5 Kxb3
60. Kxh7 Kc4 61. h6 Ra2 62. Kg6 Ra6+ 63. Kh5 Ra1 64. Rg4+ Kd5 65. h7 1-0

[Event "13sen.WMD 2003 Seniorinnen"]
[Site "Bad Zwischenahn(17.11.-27.11)"]
[Date "2003.11.21"]
[Round "5.2"]
[White "Erenska-Barlo, Hanna"]
[Black "Litinskaya, Marta_I"]
[Result "1/2-1/2"]
[WhiteElo "2247"]
[BlackElo "2410"]
[PlyCount "92"]
[EventDate "2003.11.??"]

1. e4 c5 2. Nf3 e6 3. c3 Nf6 4. Qe2 Nc6 5. g3 d5 6. d3 Be7 7. Bg2 b6 8. e5 Nd7
9. O-O a5 10. Na3 Ba6 11. c4 d4 12. Re1 Rc8 13. h4 h6 14. h5 a4 15. Bf4 Nb4 16.
Nd2 O-O 17. Be4 Nc6 18. Nf3 Bg5 19. Nb5 Bxf4 20. gxf4 Bxb5 21. cxb5 Na7 22. a3
Nxb5 23. Qc2 Nc7 24. Qxa4 b5 25. Qa7 Nd5 26. Bxd5 exd5 27. Qb7 Nb6 28. f5 Rb8
29. Qa6 Qc8 30. Qxc8 Rfxc8 31. Rac1 Na4 32. Rc2 b4 33. b3 Nc3 34. a4 Kf8 35.
Kg2 Rc7 36. Kh3 Rb6 37. Kg4 Ra7 38. Kf4 Rba6 39. Rb2 Rb7 40. Ra1 Rba7 41. Rc1
Rb7 42. Re1 Rc6 43. Ra1 Ra6 44. Re1 Rbb6 45. Rh1 Rb7 46. Re1 Rbb6 1/2-1/2

[Event "13sen.WMD 2003 Seniorinnen"]
[Site "Bad Zwischenahn(17.11.-27.11)"]
[Date "2003.11.21"]
[Round "5.3"]
[White "Fatalibekova, Elena"]
[Black "Strelnikova, Elena"]
[Result "1/2-1/2"]
[WhiteElo "2291"]
[BlackElo "2153"]
[PlyCount "81"]
[EventDate "2003.11.??"]

1. e4 e6 2. d4 d5 3. e5 c5 4. c3 Nc6 5. Nf3 Qb6 6. a3 f6 7. Bd3 Bd7 8. Bc2 Nge7
9. O-O fxe5 10. dxe5 g6 11. Qe2 Bg7 12. Nbd2 a5 13. c4 Nd4 14. Nxd4 cxd4 15. b3
O-O 16. Bd3 Qc5 17. Bb2 dxc4 18. Nxc4 b5 19. b4 axb4 20. axb4 Qc7 21. Nd6 Nc6
22. Rxa8 Rxa8 23. f4 Nxb4 24. Bxb5 Bxb5 25. Nxb5 Qb6 26. Bxd4 Qc6 27. Qf3 Nd5
28. Nd6 Ra4 29. Qg4 Nc7 30. Qd1 Bf8 31. Kh1 Ra2 32. Rf2 Qa4 33. Qc1 Rxf2 34.
Bxf2 Nd5 35. g3 Qa6 36. Qc4 Qxc4 37. Nxc4 Kf7 38. Kg2 Bb4 39. Kf3 Ke7 40. Bd4
Kf7 41. Kg2 1/2-1/2

[Event "13sen.WMD 2003 Seniorinnen"]
[Site "Bad Zwischenahn(17.11.-27.11)"]
[Date "2003.11.21"]
[Round "5.4"]
[White "Komycheva, Margarita"]
[Black "Macek, Vlasta"]
[Result "0-1"]
[WhiteElo "2208"]
[BlackElo "2211"]
[PlyCount "130"]
[EventDate "2003.11.??"]

1. e4 e6 2. d4 d5 3. Nd2 Nf6 4. e5 Nfd7 5. Bd3 c5 6. c3 Nc6 7. Ne2 cxd4 8. cxd4
a5 9. a3 a4 10. O-O Nb6 11. b4 axb3 12. Nxb3 Nc4 13. Nc3 Bd7 14. Qe2 N6a5 15.
Nxa5 Nxa5 16. Rb1 Bc6 17. Nb5 Qd7 18. Kh1 h6 19. f4 g6 20. g4 Nc4 21. Nd6+ Bxd6
22. exd6 Nxd6 23. f5 Ne4 24. fxg6 fxg6 25. Rb3 g5 26. Bb2 Rf8 27. Rxf8+ Kxf8
28. Bc3 Kg8 29. Bb4 Qg7 30. Qe3 Rd8 31. Rb1 Rd7 32. Rf1 Rf7 33. Rxf7 Qxf7 34.
Kg2 Qf6 35. Ba5 Nd6 36. Bb4 Nc4 37. Qg3 e5 38. Bf5 exd4 39. Qb8+ Kg7 40. Qc7+
Qf7 41. Qxf7+ Kxf7 42. Kf2 Ne3 43. Bc8 b6 44. Kf3 Ba4 45. h3 Bc2 46. Ba6 Be4+
47. Kg3 Nc4 48. Kf2 d3 49. Bxc4 dxc4 50. Be1 b5 51. Bc3 Kg6 52. Bb4 h5 53. Ba5
hxg4 54. hxg4 Kf6 55. Bd8+ Ke5 56. Ke3 c3 57. Ba5 c2 58. Bc3+ Kd5 59. Kd2 Kc4
60. Bb4 Kb3 61. Kc1 Ka2 62. Bd2 Kxa3 63. Bxg5 b4 64. Bd2 b3 65. Bc3 Ka2 0-1

[Event "13sen.WMD 2003 Seniorinnen"]
[Site "Bad Zwischenahn(17.11.-27.11)"]
[Date "2003.11.21"]
[Round "5.5"]
[White "Beliaeva, Natalia"]
[Black "Abdikasova, Panno"]
[Result "1/2-1/2"]
[WhiteElo "2097"]
[BlackElo "2006"]
[PlyCount "124"]
[EventDate "2003.11.??"]

1. d4 Nf6 2. Nf3 e6 3. c4 b6 4. g3 Bb7 5. Bg2 h6 6. O-O d6 7. Nc3 Nbd7 8. b3
Be7 9. Bb2 O-O 10. Qc2 Rc8 11. e4 c5 12. d5 e5 13. Nh4 g6 14. Rae1 Nh7 15. Nf3
a6 16. Qd2 Kg7 17. Bc1 h5 18. Qh6+ Kg8 19. h4 Bf6 20. Bh3 Bg7 21. Qe3 Rc7 22.
Qd3 Bc8 23. Kg2 Ndf6 24. Bxc8 Qxc8 25. Ng5 Nxg5 26. hxg5 Nh7 27. Rh1 f6 28.
gxf6 Rxf6 29. f4 Rcf7 30. f5 gxf5 31. Rxh5 f4 32. Reh1 Nf8 33. gxf4 exf4 34.
Rg5 Rg6 35. Rhh5 Qd8 36. Rxg6 Nxg6 37. Bd2 Ne5 38. Qh3 Qd7 39. Qxd7 Nxd7 40.
Rf5 Be5 41. Rxf7 Kxf7 42. Kf3 Kf6 43. a4 Bxc3 44. Bxc3+ Kg5 45. a5 bxa5 46.
Bxa5 Ne5+ 47. Kf2 Kg4 48. Bd2 Nf7 49. Bc3 f3 50. b4 cxb4 51. Bxb4 Ng5 52. e5
dxe5 53. d6 e4 54. d7 Ne6 55. Ba5 Kf4 56. d8=Q Nxd8 57. Bxd8 Ke5 58. Bb6 a5 59.
Ke3 a4 60. Bd4+ Kf5 61. c5 a3 62. c6 Ke6 1/2-1/2

[Event "13sen.WMD 2003 Seniorinnen"]
[Site "Bad Zwischenahn(17.11.-27.11)"]
[Date "2003.11.21"]
[Round "5.6"]
[White "Gumilevskaja, Galina"]
[Black "Richter, Hildegard"]
[Result "1-0"]
[WhiteElo "2083"]
[BlackElo "1713"]
[PlyCount "67"]
[EventDate "2003.11.??"]

1. e4 c5 2. Nf3 d6 3. d4 cxd4 4. Qxd4 Nc6 5. Bb5 Bd7 6. Bxc6 Bxc6 7. Nc3 Nf6 8.
Bg5 e6 9. O-O-O Be7 10. Rhe1 e5 11. Qd2 Qa5 12. h3 b5 13. Bxf6 gxf6 14. Nh4 b4
15. Nb1 $5 (15. Nd5 $1 Bxd5 (15... Qxa2 16. Qxb4 Bxd5 17. Rxd5 f5 18. Qb5+ Kf8
19. Nxf5 Bg5+ 20. Ne3) 16. Qxd5 Qxd5 17. Rxd5) 15... Rd8 16. Nf5 Bf8 17. a3 d5
18. axb4 Bxb4 19. c3 Bf8 20. exd5 Ba4 (20... Rxd5 21. Qe2 Bd7 22. Qe4 Bxf5 23.
Qxd5 Bh6+ 24. Re3 Qb6 25. Qa8+ Ke7 26. Qxh8 Bxe3+ 27. fxe3 Qxe3+ 28. Rd2 (28.
Nd2 Qd3 29. Ne4 Qe3+) 28... Qe1+) 21. f4 Bxd1 22. Rxd1 Bd6 23. Qe2 Qc7 24. Nd2
Kf8 25. Ne4 Bc5 26. d6 Qa5 27. Qc4 Bb6 28. Nxf6 h5 29. Rd5 Qa1+ 30. Kc2 Qg1 31.
Qe2 Qf2 32. Rxe5 Qxe2+ 33. Rxe2 Bc5 34. d7 1-0

[Event "13sen.WMD 2003 Seniorinnen"]
[Site "Bad Zwischenahn(17.11.-27.11)"]
[Date "2003.11.21"]
[Round "5.7"]
[White "Lein, Marina"]
[Black "Abolina, Arija-Solvei"]
[Result "1-0"]
[WhiteElo "1970"]
[BlackElo "1793"]
[PlyCount "73"]
[EventDate "2003.11.??"]

1. b4 e5 2. Bb2 d6 3. e3 Nf6 4. c4 Be7 5. Nc3 O-O 6. Be2 Be6 7. Nf3 h6 8. O-O
Nbd7 9. a4 c5 10. b5 e4 11. Ne1 d5 12. cxd5 Bxd5 13. Nxd5 Nxd5 14. f3 N7f6 15.
Rc1 Rc8 16. fxe4 Nxe4 17. Bf3 Ng5 18. Bg4 Rc7 19. Nf3 Bf6 20. Ba3 b6 21. Nxg5
Bxg5 22. Qf3 Nf6 23. Rf2 Nxg4 24. Qxg4 Qd7 25. Qc4 Bf6 26. Rcf1 Rd8 27. Bc1 Qd5
28. Qg4 Qg5 29. Qe2 Rd6 30. Rf5 Qg6 31. Qf3 Bg5 32. Qg3 Rcd7 33. h4 Bf6 34. Qh3
Rd5 35. h5 Qh7 36. Qg4 Rxf5 37. Rxf5 1-0

[Event "13sen.WMD 2003 Seniorinnen"]
[Site "Bad Zwischenahn(17.11.-27.11)"]
[Date "2003.11.21"]
[Round "5.8"]
[White "Kohls, Vera"]
[Black "Hartlaub, Marianne"]
[Result "1-0"]
[WhiteElo "1720"]
[BlackElo "1536"]
[PlyCount "66"]
[EventDate "2003.11.??"]

1. d4 d6 2. Nf3 Bg4 3. e4 Nd7 4. Be2 Bxf3 5. Bxf3 e5 6. dxe5 dxe5 7. c3 Ngf6 8.
Bg5 Be7 9. Qc2 O-O 10. Nd2 c6 11. Nc4 b5 12. Ne3 g6 13. h4 Kg7 14. O-O-O Qc7
15. Ng4 Ng8 16. Bxe7 Nxe7 17. Qd2 Rad8 18. h5 Rh8 19. h6+ Kf8 20. Nf6 Nd5 21.
Nxd7+ Qxd7 22. exd5 c5 23. d6 f5 24. Qd5 e4 25. Rhe1 Rc8 26. Qe5 Rg8 27. Rxe4
g5 28. Qe7+ Qxe7 29. dxe7+ Ke8 30. Bh5+ Rg6 31. Bxg6+ hxg6 32. Rd8+ Rxd8 33.
exd8=Q+ Kxd8 1-0

[Event "13sen.WMD 2003 Seniorinnen"]
[Site "Bad Zwischenahn(17.11.-27.11)"]
[Date "2003.11.21"]
[Round "5.9"]
[White "Hoose, Hannelore"]
[Black "Schoerghuber, Barbara"]
[Result "1-0"]
[WhiteElo "1671"]
[BlackElo "1457"]
[PlyCount "69"]
[EventDate "2003.11.??"]

1. e4 d5 2. exd5 Qxd5 3. d4 Nf6 4. Nc3 Qd8 5. Nf3 Bg4 6. Be2 e6 7. O-O Bd6 8.
a3 Nbd7 9. Be3 c6 10. Ne1 Bf5 11. Nd3 Nd5 12. Nxd5 cxd5 13. Ne1 O-O 14. c3 Rc8
15. Nf3 Qe7 16. Qd2 Bg6 17. Rae1 Be4 18. Bf4 Bxf4 19. Qxf4 Bxf3 20. Bxf3 Qf6
21. Qd2 Rc7 22. Bd1 Rd8 23. Bc2 Re8 24. Qd3 Nf8 25. Re3 Qe7 26. Rfe1 Qd7 27.
Rh3 f5 28. Rf3 Ng6 29. g3 Rcc8 30. Rfe3 Rf8 31. f4 Rc7 32. Qe2 Re8 33. Qd1 b5
34. a4 bxa4 35. Bxf5 1-0